Utwory Quebonafide po jednym wersie - Statystyki

Ogólne statystyki
  • Ten quiz został rozwiązany 126 razy
  • Średni wynik to 7 z 22
Statystyki odpowiedzi
Hint Odpowiedź % Poprawnych
A mi wstyd przed sobą, że czasem nie dojadam bollywood
69%
Ale dla mnie już Bóg nie jest żadnym ekspertem changa
60%
Możesz jeść z podłogi, bo ja cały czas zamiatam to nie jest hip-hop
55%
Zniszczony mógłbym palić crack LOVE
52%
Dziś pisze o mnie Gala, czuję się jak nowy Dali złotegloby
50%
To co od życia dostajemy bywa tanim żartem noc w noc
45%
Mógłbym pośpiewać o winie jak ci chłopcy z Moskwy cojestmałpy
44%
Jak to jest się budzić przy ciele jednej z tych modelek, której widać żebra refren troche jak lana del ray
43%
Szybko nam się nudzi raj łajza
40%
Połykam jej ślinę i zagryzam wargi benz dealer
37%
Życie to wojna talią tarota, przetasuj, rozdaj eden hazard
31%
Wchodzę i biorę majk, jest wszystko okej To jakby Robert Plant wjechał na karaoke rock'n'roller
27%
Kopię ich jak metylofenylopropyloamina breaking bad
24%
Co bym zrobił, gdybym miał zaraz umrzeć? 25 godzina
22%
Najchętniej oddam Ci duszę za darmo harry angel
19%
To zero sześć czterysta, na bit wchodzę jak terrorysta królem być
19%
Mylę Fauna z Faustem, odtwarzam tylko role chwili kyrie eleison
19%
Iść za głosem serca miałem, dasz wiarę, że serce gada? pusty materac
11%
Voulez vous coucher avec moi? Prędzej dolecę do gwiazd na stopa ciuchy, kobiety
9%
Mamy jeszcze matematyczne szanse? loki
5%
Znowu się czuję jak wytwór, znowu się czuję jak produkt sukces?
5%
Ogarniam cyfry na kwadrat jak w sudoku el condor pasa
4%
Nie znaleziono quizów pasujących do podanych kryteriów
Rozkład punktacji
Procent ludzi z każdym wynikiem
Percentyl według liczby udzielonych odpowiedzi
Twoja historia wyników
Nie rozwiązałeś tego quizu